Memoria histórico-descriptiva de la mina de plomo denominada Arrayanes... sita en el término de la ciudad de Linares, provincia de Jaén (Record no. 189612)

MARC details
000 -LEADER
campo de control de longitud fija 01150nam a2200193 i 4500
001 - NÚMERO DE CONTROL
campo de control 189612
003 - IDENTIFICADOR DE NÚMERO DE CONTROL
campo de control SpMaBN
005 - FECHA Y HORA DE LA ÚLTIMA TRANSACCIÓN
campo de control 20230906223520.0
008 - DATOS DE LONGITUD FIJA--INFORMACIÓN GENERAL
campo de control de longitud fija 190625s1876 sp ef |||| | spa d
080 ## - NÚMERO DE LA CLASIFICACIÓN DECIMAL UNIVERSAL
Número de la Clasificación Decimal Universal 622.34(460.352 Linares)
100 1# - ENTRADA PRINCIPAL--NOMBRE DE PERSONA
Nombre de persona Villanova de Campos, José.
9 (RLIN) 167433
245 10 - MENCIÓN DEL TÍTULO
Título Memoria histórico-descriptiva de la mina de plomo denominada Arrayanes... sita en el término de la ciudad de Linares, provincia de Jaén
Resto del título : expresiva de lo que esta finca era... y de los adelantos y mejoras... introducidos durante los... años del arrendamiento hecho... al Sr. D. José Genaro Villanova /
Mención de responsabilidad, etc. escrita por José Villanova de Campos.
260 ## - PUBLICACIÓN, DISTRIBUCIÓN, ETC.
Lugar de publicación, distribución, etc. Madrid :
Nombre del editor, distribuidor, etc. Imp. y Fundición de Manuel Tello,
Fecha de publicación, distribución, etc. 1876.
300 ## - DESCRIPCIÓN FÍSICA
Extensión 95 p., [6] h. de planos pleg. ;
Dimensiones 27 cm.
530 ## - NOTA DISPONIBLE DE FORMULARIO FÍSICO ADICIONAL
Nota de formato físico adicional disponible Disponible en formato digital.
650 #7 - PUNTO DE ACCESO ADICIONAL DE MATERIA--TÉRMINO DE MATERIA
Término de materia o nombre geográfico como elemento de entrada Minas de plomo-
Subdivisión geográfica Linares.
9 (RLIN) 167434
852 ## - LOCALIZACIÓN
Ubicación ES-MaACL
Número de control de estantería L-32450(9)
Nota libre - Enc. cart.
-- . - Legado Federico de Botella y de Hornos
-- - Enc. en un vol. facticio, con tít. en el lomo de: España, geología: memorias varias, 3
856 ## - LOCALIZACIÓN Y ACCESO ELECTRÓNICOS
Identificador Uniforme de Recursos <a href="http://bdh-rd.bne.es/viewer.vm?id=0000073296&page=1 ">http://bdh-rd.bne.es/viewer.vm?id=0000073296&page=1 </a>
Nota pública Biblioteca Digital Hispánica
Holdings
Estatus retirado Estado de pérdida Estado de daño No para préstamo Colección Biblioteca de origen Biblioteca actual Ubicación en estantería Fecha de adquisición Fuente de adquisición Total de préstamos Signatura topográfica completa Código de barras Visto por última vez Precio de reemplazo Tipo de ítem Koha
        Colección digital Biblioteca del Ateneo de Madrid Biblioteca del Ateneo de Madrid Depósito 2 25/06/2019     L-32450(9) 1200943 23/02/2023 23/02/2023 Libro impreso antiguo